Women Empowerment through Smart City Mission/ (Record no. 210398)

MARC details
000 -LEADER
fixed length control field 00606nam a2200181 4500
005 - DATE AND TIME OF LATEST TRANSACTION
control field 20250320151021.0
010 ## - LCCN (DPL NO)
LC control number ENG-144143
020 ## - INTERNATIONAL STANDARD BOOK NUMBER
International Standard Book Number 9789389658088
Terms of availability 250.00
035 ## - SYSTEM CONTROL NUMBER
System control number EN-127675
037 ## - SOURCE OF ACQUISITION
Source of stock number/acquisition DBAD
082 ## - DEWEY DECIMAL CLASSIFICATION NUMBER
Classification number 305.4
245 ## - TITLE STATEMENT
Title Women Empowerment through Smart City Mission/
Statement of responsibility, etc Edited by C. Gobalakrishnan
260 ## - PUBLICATION, DISTRIBUTION, ETC. (IMPRINT)
Place of publication, distribution, etc Tamil Nadu
Name of publisher, distributor, etc Shanlax Publications
Date of publication, distribution, etc 2019
270 ## - ADDRESS
Address 61,66 T.P.K. Main Road Vasantha Nagar.
City Tamil Nadu
Postal code 625003
Electronic mail address shanlaxpublications.com
300 ## - PHYSICAL DESCRIPTION
Extent 128p.
Dimensions 24cm(pb)
700 ## - ADDED ENTRY--PERSONAL NAME
Personal name Gobalakrishnan, C.
Relator term Editor
9 (RLIN) 79784
942 ## - ADDED ENTRY ELEMENTS (KOHA)
Source of classification or shelving scheme Dewey Decimal Classification
Item type English Books
Classification part 305.4
Call number suffix WOM
Holdings
Withdrawn status Lost status Not for loan Collection code Home library Current library Date acquired Source of acquisition Cost, normal purchase price Full call number Barcode Copy number Cost, replacement price Koha item type
      Non-fiction Sarojini Nagar Sarojini Nagar 20/03/2025 Delivery of Books Act Division 250.00 305.4 WOM EN-127675 1 250.00 English Books

© Delhi Public Library
Hit Counter
free hit counter